banner-ar

MEET THOMAS JEFFERSON / (Record no. 4770)

MARC details
000 -الفاتح
حقل البيانات ثابتة الطول 00574nam a2200205Ia 4500
008 - عناصر البيانات ثابتة الطول - معلومات عامة
حقل البيانات ثابتة الطول 140319s9999 xx 000 0 eng d
020 ## - الرقم الدولى المعيارى للكتب
الرقم الدولى المعيارى للكتاب 0394819640
040 ## - مصدر الفهرسة
وكالة الفهرسة الأصلية GCL /
وكالة النسخ GCL
082 04 - رقم تصنيف ديوى العشرى
رقم التصنيف 973.46092
رقم المادة B M
100 1# - المدخل الرئيسى - إسم شخصى
الإسم الشخصى BARRETT, MARVIN
245 10 - بيان العنوان
العنوان MEET THOMAS JEFFERSON /
بيان المسئوليه,etc BARRETT, MARVIN
700 1# - المدخل الاضافى - اسم شخصى
الإسم الشخصى FOGARTY, PAT
260 ## - PUBLICATION, DISTRIBUTION, ETC. (IMPRINT)
تاريخ النشر أو التوزيع 1989
300 ## - الوصف المادى
التعداد 72 P
تفاصيل ماديه اخرى للوعاء ILL. ؛
أبعاد الوعاء 18 cm.
490 ## - بيان السلسلة
عنوان السلسلة STEP UP BIOGRAPHIES
رقم المجلد/ التعيين التسلسلي 0
650 04 - المدخل الاضافى بالموضوع-مصطلح موضوعى
مصطلح موضوعي PRESIDENTS - U.S.A
650 04 - المدخل الاضافى بالموضوع-مصطلح موضوعى
مصطلح موضوعي JEFFERSON, THOMAS, 1743 - 1826
942 ## - عناصر المدخل الإضافي( كوها)
مصدر التصنيف او مخطط الترفيف Dewey Decimal Classification
Koha [default] item type كتاب
260 ## - PUBLICATION, DISTRIBUTION, ETC. (IMPRINT)
-- نيويورك :
-- RANDOM HOUSE INC, ،
Holdings
حالة التراجع حالة الفقد حالة تلف ليس للاعارة المكان المؤقت الموقع الحالى تاريخ الاكتساب اجمالي اﻻعارات رقم الطلب الباركود تاريخ اخر مشاهدة تاريخ تفعيل السعر نوع وعاء كوها
        مكتبة القاهرة الكبرى مكتبة القاهرة الكبرى 03/26/2014   973.46092\B M 10706 03/26/2014 03/26/2014 كتاب

Powered By

EGPV